NFL Passing Yard Leaders through Week 14 - Statistics

General Stats
  • This quiz has been taken 17 times
  • The average score is 14 of 15
Answer Stats
Passing Yards Player % Correct
3,162 Sam Darnold
100%
2,908 Caleb Williams
94%
3,637 Dak Prescott
94%
3,412 Drake Maye
94%
3,334 Jared Goff
94%
2,981 Justin Herbert
94%
3,354 Matthew Stafford
94%
3,398 Patrick Mahomes
94%
2,880 Trevor Lawrence
94%
2,722 Baker Mayfield
88%
2,954 Bo Nix
88%
2,754 Jalen Hurts
88%
3,028 Jordan Love
88%
3,083 Josh Allen
81%
3,101 Daniel Jones
75%
No matching quizzes found
Score Distribution
Percent of People with Each Score
Percentile by Number Answered
Your Score History
You have not taken this quiz